All modern-day country that ever were controled by empire of Japan - Statistics

General Stats
  • This quiz has been taken 34 times
    23 since last reset
  • The average score is 23 of 27
Answer Stats
ヒント Answer % Correct
1940-1945 Cambodia
100%
1933-1945 China
100%
1940-1945 Laos
100%
1940-1945 Viet Nam
100%
1941-1945 India
94%
BC660-now Japan
94%
1942-1945 Myanmar
94%
1910-1945 North Korea
94%
1910-1945 South Korea
94%
1895-1945 Taiwan
94%
1942-1945 Indonesia
89%
1919-1945 Micronesia
89%
1942-1945 Papua New Guinea
89%
1875-1945 Russia
89%
1942-1945 Australia
83%
1941-1945 Malaysia
83%
1919-1945 Marshall islands
83%
1919-1945 Palau
83%
1942-1945 Philippines
83%
1942-1945 Singapore
83%
1942-1945 Timor-Leste
83%
1919-1945 United States of America
83%
1942-1945 Solomon islands
78%
1942-1945 Nauru
72%
1941-1945 Brunei
67%
1941-1945 Kiribati
61%
1941-1945 HongKong
17%
No matching quizzes found
Score Distribution
Percent of People with Each Score
Percentile by Number Answered
Your Score History
You have not taken this quiz since the last reset